Loading...

Classicism

Bibliographic Details
Main Author: Secretan, Dominique
Format: Printed Book
Published: London Methuen & Co. 1973
Series:Critical Idiom
Subjects:
LEADER 00487nam a2200157 4500
082 |a 801.95 CRI.27 
100 |a Secretan, Dominique 
245 |a Classicism 
250
260 |a London  |b Methuen & Co.  |c 1973 
300
490 |a Critical Idiom 
650 |a Literary criticism-- Philosophy & theory of literature 
942 |c BK 
999 |c 224226  |d 224226 
952 |0 0  |1 0  |4 0  |6 801_950000000000000_CRI_27  |7 0  |9 238358  |a SDE  |b SDE  |d 2019-12-12  |l 0  |o 801.95 CRI.27  |p SDE3525  |r 2019-12-12  |w 2019-12-12  |y BK